000
00295nam a22001217a 4500
008
230619b xxu||||| |||| 00| 0 eng d
082
_a
005.3
_b
MC
110
_b
Microsoft
245
_a
Getting Results with Microsoft office 97
260
_b
Microsoft
_c
1995-97
300
_a
703p
942
_2
ddc
_c
BK
999
_c
1223
_d
1223